00321nam a2200121Ia 4500008004100000100002100041245004600062260003600108300000800144650002500152942000700177999001500184190216s9999||||xx |||||||||||||| ||und|| aKrishna Swamy Or 0aMethodology Of Research In Social Science bHimalaya Publishing Housec2003 a529 aResearch Methodology cBK c6649d6649